[Event "GER Cup Net Final-C U1600"]
[Site "Playchess.com INT"]
[Date "2020.06.06"]
[Round "12"]
[White "Siemianowski, Regina"]
[Black "Smith, Tobias"]
[Result "0-1"]
[WhiteElo "1483"]
[BlackElo "1480"]
[PlyCount "90"]
[EventDate "2020.06.06"]
[EventType "swiss (blitz)"]
[EventRounds "13"]
[EventCountry "GER"]
[SourceTitle "CBM 197 Extra"]
[Source "ChessBase"]
[SourceDate "2020.09.30"]
[SourceVersion "1"]
[SourceVersionDate "2020.09.30"]
[SourceQuality "1"]

1. e4 c5 2. d4 cxd4 3. c3 dxc3 4. Nxc3 g6 5. Nf3 Bg7 6. Bc4 Nc6 7. Qd5 e6 8. Qd6 a6 9. 0-0 Qe7 10. Qxe7+ Ngxe7 11. Bf4 0-0 12. e5 b5 13. Bb3 f6 14. exf6 Bxf6 15. Bd6 Bb7 16. Rfe1 Rfe8 17. Rac1 b4 18. Ne4 Bxb2 19. Rb1 Bg7 20. Nc5 Nf5 21. Nxb7 Nxd6 22. Nxd6 Red8 23. Rbd1 Ne7 24. h3 Nf5 25. Nxf5 gxf5 26. Ne5 d6 27. Bxe6+ Kf8 28. Nc6 Re8 29. Bxf5 Rxe1+ 30. Rxe1 Bc3 31. Rd1 a5 32. Rxd6 a4 33. Be4 b3 34. axb3 axb3 35. Nd4 b2 36. Rf6+ Ke7 37. Re6+ Kf7 38. Bxa8 b1Q+ 39. Kh2 Bxd4 40. Re2 Qb8+ 41. g3 Qxa8 42. f4 Qf3 43. Ra2 Qb3 44. Ra7+ Kf6 45. Rxh7 Qc2+ 0-1

[Event "GER Cup Net V4 U1600"]
[Site "Playchess.com INT"]
[Date "2020.05.31"]
[Round "7"]
[White "Smith, Tobias"]
[Black "Wolff, Calvin"]
[Result "0-1"]
[WhiteElo "1496"]
[BlackElo "1804"]
[PlyCount "124"]
[EventDate "2020.05.31"]
[EventType "swiss (blitz)"]
[EventRounds "9"]
[EventCountry "GER"]
[SourceTitle "EXT 2021"]
[Source "ChessBase"]
[SourceDate "2020.10.23"]
[SourceVersion "1"]
[SourceVersionDate "2020.10.23"]
[SourceQuality "1"]

1. e4 e5 2. Nf3 Nc6 3. d4 exd4 4. Nxd4 Qf6 5. Be3 Nxd4 6. Bxd4 Qd8 7. Bc4 d6 8. Qh5 g6 9. Qf3 f6 10. Bxg8 Rxg8 11. Qxf6 Qxf6 12. Bxf6 Kf7 13. Bd4 Bg7 14. Bxg7 Kxg7 15. Nc3 Be6 16. f4 Rae8 17. Kf2 Rgf8 18. Rhf1 Rxf4+ 19. Kg1 Rff8 20. Nd5 Bxd5 21. exd5 Re5 22. c4 Re4 23. b3 a5 24. Rxf8 Kxf8 25. Rf1+ Kg7 26. h3 a4 27. Ra1 Re3 28. Kf2 Rc3 29. Rb1 Rc2+ 30. Ke3 Rxa2 31. bxa4 Rxa4 32. Rxb7 Rxc4 33. Kd3 Rc5 34. Kd4 Rc2 35. g4 Kf6 36. h4 h5 37. g5+ Kf5 38. Rb8 Ra2 39. Rf8+ Kg4 40. Rf7 Ra3 41. Rxc7 Ra4+ 42. Rc4 Rxc4+ 43. Kxc4 Kxh4 44. Kb5 Kg4 45. Kc6 h4 46. Kxd6 h3 47. Ke6 h2 48. d6 h1Q 49. d7 Qe1+ 50. Kd6 Qd2+ 51. Kc7 Qc3+ 52. Kd6 Qd4+ 53. Ke7 Qe5+ 54. Kf8 Qd6+ 55. Ke8 Qe6+ 56. Kd8 Kxg5 57. Kc7 Qc4+ 58. Kb7 Qd5+ 59. Kc8 Qc6+ 60. Kd8 Kf6 61. Ke8 Ke6 62. Kd8 Qxd7# 0-1